LEADER 01232nam2 22002773i 450 001 SUN0091862 005 20121112031214.4 100 $a20121112d1885 |0frec50 ba 101 $afre 102 $aFR 105 $a|||| ||||| 200 1 $aˆ3: [‰Registres]$fpar P. Willems 205 $aLouvain : Typographie de Ch. Peeters$b1885 210 $d114 p. ; 25 cm 215 $aLegato con Les attributions du sénat. - Biblioteca Lauria. 461 1$1001SUN0091860$12001 $aˆLe ‰Sénat de la République romaine$esa composition et ses attributions$fpar P. Willems$v3$1210 $aLouvain$c Typographie de Ch. Peeters, imprimeur-editeur$1215 $avol.$d25 cm. 606 $aSenato romano$2FI$3SUNC006761 620 $aBE$dLovanio$3SUNL001764 700 1$aWillems$b, Pierre$3SUNV009806$040689 712 $aPeeters$3SUNV004095$4650 801 $aIT$bSOL$c20181109$gRICA 912 $aSUN0091862 950 $aUFFICIO DI BIBLIOTECA DEL DIPARTIMENTO DI GIURISPRUDENZA$d00 CONS BL.800M.340 2-3 $e00 798446048 995 $aUFFICIO DI BIBLIOTECA DEL DIPARTIMENTO DI GIURISPRUDENZA$h798446048$kCONS BL.800M.340 2-3$oc$qa 996 $aRegistres$91434601 997 $aUNICAMPANIA LEADER 03089oas 22009613a 450 001 9910892806703321 005 20260127110034.0 011 $a1558-1152 035 $a(DE-599)ZDB2006337-4 035 $a(OCoLC)46988290 035 $a(CONSER) 2005214070 035 $a(CKB)954928584894 035 $a(DE-599)2006337-4 035 $a(EXLCZ)99954928584894 100 $a20010522b19831988 sy a 101 0 $aeng 135 $aurcnu|||||||| 181 $ctxt$2rdacontent 182 $cc$2rdamedia 183 $acr$2rdacarrier 200 10$aACM transactions on office information systems $ea publication of the Association for Computing Machinery 210 $aNew York, NY $cThe Association$d©1983-©1989 215 $a1 online resource (6 volumes) $cillustrations 225 1 $aACM series on computing methodologies 300 $aRefereed/Peer-reviewed 300 $aTitle from journal home page (viewed May 21, 2001). 311 08$a0734-2047 410 0$aACM series on computing methodologies. 517 3 $aAssociation for Computing Machinery transactions on office information systems 517 3 $aTransactions on office information systems 531 0 $aACM trans. off. inf. syst. 606 $aBusiness$xData processing$vPeriodicals 606 $aInformation storage and retrieval systems$xBusiness$vPeriodicals 606 $aGestion$xInformatique$vPe?riodiques 606 $aSyste?mes d'information$xAffaires$vPe?riodiques 606 $a54.81 application of information systems$2bcl 606 $aBusiness$xData processing$2fast$3(OCoLC)fst00842293 606 $aInformation storage and retrieval systems$xBusiness$2fast$3(OCoLC)fst00972811 606 $aInformatiesystemen$2gtt 606 $a54.81 application of information systems$2nbc 608 $aPeriodicals.$2fast 608 $aPeriodicals.$2lcgft 615 0$aBusiness$xData processing 615 0$aInformation storage and retrieval systems$xBusiness 615 6$aGestion$xInformatique 615 6$aSyste?mes d'information$xAffaires 615 7$a54.81 application of information systems. 615 7$aBusiness$xData processing. 615 7$aInformation storage and retrieval systems$xBusiness. 615 17$aInformatiesystemen. 615 7$a54.81 application of information systems. 676 $a651.8/4/05 712 02$aAssociation for Computing Machinery 801 0$bTXI 801 1$bTXI 801 2$bOCLCQ 801 2$bAUD 801 2$bOCLCS 801 2$bNSD 801 2$bMUQ 801 2$bOCLCE 801 2$bDLC 801 2$bOCLCQ 801 2$bOCLCA 801 2$bOCLCF 801 2$bOCLCO 801 2$bOCLCQ 801 2$bDLC 801 2$bUUM 801 2$bOCLCQ 801 2$bAU@ 801 2$bWYU 801 2$bOCLCO 801 2$bOCLCQ 801 2$bSFB 801 2$bOCLCQ 801 2$bCNMTR 801 2$bDLC 801 2$bOCLCL 906 $aJOURNAL 912 $a9910892806703321 996 $aACM transactions on office information systems$9104604 997 $aUNINA